Emergent principles for the design, implementation, and analysis of cluster-based experiments in social science (Record no. 65088)

000 -LEADER
fixed length control field 00463pab a2200145 454500
008 - FIXED-LENGTH DATA ELEMENTS--GENERAL INFORMATION
fixed length control field 180718b2005 xxu||||| |||| 00| 0 eng d
100 ## - MAIN ENTRY--PERSONAL NAME
Personal name Cook, Thomas D.
245 ## - TITLE STATEMENT
Title Emergent principles for the design, implementation, and analysis of cluster-based experiments in social science
260 ## - PUBLICATION, DISTRIBUTION, ETC.
Date of publication, distribution, etc. 2005
300 ## - PHYSICAL DESCRIPTION
Extent p.176-98.
362 ## - DATES OF PUBLICATION AND/OR SEQUENTIAL DESIGNATION
Dates of publication and/or sequential designation May
650 ## - SUBJECT ADDED ENTRY--TOPICAL TERM
Topical term or geographic name entry element Social sciences
773 ## - HOST ITEM ENTRY
Main entry heading Annals of American Academy of Political and Social Science
909 ## -
-- 65088
Holdings
Withdrawn status Lost status Damaged status Not for loan Permanent Location Current Location Date acquired Serial Enumeration / chronology Barcode Date last seen Price effective from Koha item type
        Indian Institute of Public Administration Indian Institute of Public Administration 2018-07-19 Volume no: 599, AR65540 2018-07-19 2018-07-19 Articles

Powered by Koha